Les rappeurs français en image - Statistiques

Statistiques générales
  • Ce quiz a été pris 274 fois
  • Le résultat moyen est 13 sur 16
Statistiques - réponses
Par images Réponse % Correct
Jul
100%
Gims
97%
PNL
95%
Booba
94%
Damso
94%
Ninho
94%
PLK
94%
Naps
88%
SDM
88%
Hamza
85%
Dadju
81%
Werenoi
80%
Gazo
78%
Tiakola
77%
Djadja et Dinaz
76%
Sasso
25%
Aucun quiz correspondant
Distribution des résultats
% des personnes avec chaque résultat
Percentile par nombre de réponses
Votre historique - résultats
Vous n’avez pas pris ce quiz